000 00693nam a2200145Ia 4500
008 100204s9999 xx 000 0 und d
082 _b8067
100 _aपरदेशी गे. ना.
245 _aशिवतीर्थ किल्ले रायगड प्रदक्षिणा स्पर्धा
260 _bगे. ना. परदेशी अलिबाग
_c1984
300 _a88
630 _aशिवतीर्थ किल्ले रायगड प्रदक्षिणा स्पर्धा
730 _aशिवतीर्थ किल्ले रायगड प्रदक्षिणा स्पर्धा
942 _cBOOK
999 _c452503
_d452500